Normal view MARC view

Entry Nombre personal

Number of records used in: 1

001 - NÚMERO DE CONTROL

  • campo de control: 425

003 - IDENTIFICADOR DE NÚMERO DE CONTROL

  • campo de control: DLC

005 - FECHA Y HORA DE LA ÚLTIMA TRANSACCIÓN

  • campo de control: 20260210123643.0

008 - ELEMENTOS DE DATO DE LONGITUD-FIJA

  • campo de control de longitud fija: 830118n| azannaabn |a aaa

010 ## - NÚMERO DE CONTROL DE LA BIBLIOTECA DEL CONGRESO

  • Número de control de LC: n 82134177

035 ## - NÚMERO DE CONTROL DEL SISTEMA

  • Número de control de sistema: (OCoLC)oca00830377

040 ## - FUENTE DE CATALOGACIÓN

  • Centro catalogador/agencia de origen: DLC
  • Lengua de catalogación: eng
  • Normas de descripción: rda
  • Centro/agencia transcriptor: DLC
  • Centro/agencia modificador: DLC
  • Centro/agencia modificador: OCoLC
  • Centro/agencia modificador: UPB
  • Centro/agencia modificador: MiEM
  • Centro/agencia modificador: DLC
  • Centro/agencia modificador: UPB
  • Centro/agencia modificador: DLC

046 ## - FECHAS CON CODIFICACIÓN ESPECIAL

  • Fecha de nacimiento: 1947
  • Fuente del esquema de fecha: edtf

053 #0 - NÚMERO DE CLASIFICACIÓN LC

  • Número de clasificación–único número o número inicial del rango: PQ8498.22.A8

100 1# - ENCABEZAMIENTO-NOMBRE DE PERSONA

  • Nombre de persona: Lauer, Mirko

370 ## - LUGAR ASOCIADO

  • Lugar de nacimiento: Žatec (Ústecký kraj, Czech Republic)
  • País asociado: Peru
  • Fuente del término: naf

374 ## - OCUPACIÓN

  • Ocupación: Poets
  • Ocupación: Essayists
  • Fuente del término: lcsh

377 ## - IDIOMA ASOCIADO

  • Código del idioma: spa

400 1# - TRAZADO DE VÉASE--NOMBRE DE PERSONA

  • Nombre de persona: Lauer, Mirko,
  • Fechas asociadas al nombre: 1947-

670 ## - FUENTE DE DATOS ENCONTRADOS

  • Cita de la fuente: Author's En los cínicos brazos, 1966.

670 ## - FUENTE DE DATOS ENCONTRADOS

  • Cita de la fuente: Musa mecánica, 2003:
  • Información encontrada: t.p. (Mirko Lauer) front flap (b. 1947; poet and essayist)

670 ## - FUENTE DE DATOS ENCONTRADOS

  • Cita de la fuente: Secretos inútiles, 2010:
  • Información encontrada: front flap (b. Žatec, Checoslovaquia)